000 00618nam a2200217Ia 4500
003 GCL
008 140319s9999 xx 000 0 ara d
040 _aGCL /
_cGCL
082 0 4 _a810.9
_bو د
100 1 _aوليد الخشاب
245 1 0 _aدراسات فى تعدى النص /
_cوليد الخشاب
260 _a[S.N] :
_bالمجلس الاعلى للثقافة ،
_c1994
300 _a297 ص
490 _a
650 0 4 _aالادب العربى
650 0 4 _aالعلم
650 0 4 _aالبلاغة العربية
650 0 4 _aالاسلوب
650 0 4 _aتاريخ ونقد
942 _2ddc
_cBK
999 _c36710
_d36710